000 00261 a2200097 4500
001 33151
100 _aVernadat,F.B
245 _aEnterprise Modeling and Integration:Principles and Application
260 _aLondon
_bChapman & Hall
_c1996
090 _c22219
_d22219
942 _aNUST-CAE
_cM
_c13580
999 _c268224
_d268224